LIBRARY & INFORMATION CENTRE, KCAET, TAVANUR

ONLINE PUBLIC ACCESS CATALOGUE (OPAC)

Occassional speeches and writings October 1952- February 1959 / (Record no. 12524)

MARC details
000 -LEADER
fixed length control field 00467cam a2200169ua 4500
041 ## - LANGUAGE CODE
Language code of text/sound track or separate title eng
082 ## - DEWEY DECIMAL CLASSIFICATION NUMBER
Classification number 825
Item number RAD/OC
100 ## - MAIN ENTRY--AUTHOR NAME
Personal name Radhakrishnan, S .
245 ## - TITLE STATEMENT
Title Occassional speeches and writings October 1952- February 1959 /
260 ## - PUBLICATION, DISTRIBUTION, ETC. (IMPRINT)
Place of publication India :
Name of publisher Publication Division, Govt. of India ,
Year of publication 1960.
300 ## - PHYSICAL DESCRIPTION
Number of Pages 617 ; .
942 ## - ADDED ENTRY ELEMENTS (KOHA)
Koha item type Books
Holdings
Withdrawn status Lost status Damaged status Home library Current library Date acquired Full call number Accession Number Koha item type Public note
Withdrawn     KAUAET KAUAET 07/04/2012 825 3695 Books Deleted
free website counter